Procedimiento de evaluación del nivel de satisfacción de los usuarios de los servicios asistenciales

Propone un procedimiento de evaluación del nivel de satisfacción de los usuarios de los servicios asistenciales.

Збережено в:
Бібліографічні деталі
Автор: Amaya Rodríguez, Yamilé
Співавтор: e-libro, Corp
Інші автори: Hernández Torres, Maritza (Режисер)
Формат: eКнига
Мова:Іспанська
Опубліковано: La Habana : Instituto Superior Politécnico José Antonio Echeverría. CUJAE, 2010.
Предмети:
Онлайн доступ:https://elibro.unach.elogim.com/es/lc/unach/titulos/85805
Теги: Додати тег
Немає тегів, Будьте першим, хто поставить тег для цього запису!

MARC

LEADER 00000nam a2200000 a 4500
001 ELB85805
003 FlNmELB
006 m o d |
007 cr cn|||||||||
008 201201r2010 cu |||||s|||||||||||spa d
024 8 |z 71208043210 
035 |a (MiAaPQ)EBC3202369 
035 |a (Au-PeEL)EBL3202369 
035 |a (CaPaEBR)ebr10609345 
035 |a (OCoLC)929378831 
040 |a FlNmELB  |b spa  |c FlNmELB 
050 4 |a T1  |b A489 2010 
080 |a 62 
082 0 4 |a 600  |2 22 
100 1 |a Amaya Rodríguez, Yamilé. 
245 1 0 |a Procedimiento de evaluación del nivel de satisfacción de los usuarios de los servicios asistenciales  |h [recurso electronico]  |c Yamilé Amaya Rodríguez. 
260 |a La Habana :  |b Instituto Superior Politécnico José Antonio Echeverría. CUJAE,  |c 2010. 
300 |a 166 p. 
500 |a Tesis (maestría) - Instituto Superior Politécnico José Antonio Echeverría CUJAE. 
520 |a Propone un procedimiento de evaluación del nivel de satisfacción de los usuarios de los servicios asistenciales. 
533 |a Recurso electrónico. Santa Fe, Arg.: e-libro, 2015. Disponible vía World Wide Web. El acceso puede estar limitado para las bibliotecas afiliadas a e-libro. 
650 4 |a Technology.  |x General. 
650 4 |a Tecnología.  |x General. 
655 4 |a Libros electrónicos. 
700 1 |a Hernández Torres, Maritza.  |4 drt 
710 2 |a e-libro, Corp. 
856 4 0 |u https://elibro.unach.elogim.com/es/lc/unach/titulos/85805